• 首页
  • 本馆介绍
  • 公告通知
  • 最新文献
  • 馆藏检索
  • 电子资源
  • 读者导购
  • 参考咨询
  • 我的图书馆
  • 登录
  • 详细信息显示
  • 放入我的书架
  • 预约/预借图书
  • 作者相关作品
  • 分类相关作品
  • 丛书相关作品
  • 出版社相关作品

书目信息

  • 表格格式
  • 工作单格式
  • 卡片格式
题名:
材料试验
    
 
作者: ;陕西省建筑工程局《材料试验》编写组 编
分册:  
出版信息: 北京   中国建筑工业出版社  1974
页数: 274页
开本: 19cm
丛书名: 建筑工人技术学习丛书
单 册:
中图分类: TU502
科图分类:
主题词: 建筑材料-性能试验 , 性能试验-建筑材料
电子资源:
ISBN:
000 00854nam2 2200253 45
001 0177002666
005 20060705085620.40
010    @dCNY0.56
100    @a19951024d1974 em y0chiy0121 ea
101 0  @achi
102    @aCN@b110000
105    @ay z 000yy
200 10 @a材料试验@Acai liao shi yan@f陕西省建筑工程局《材料试验》编写组编@Fshan xi sheng jian zhu gong cheng ju《cai liao shi yan》bian xie zu bian
210    @a北京@c中国建筑工业出版社@d1974
215    @a274页@d19cm
225 2  @a建筑工人技术学习丛书
410  0 @120010@a建筑工人技术学习丛书
606    @a建筑材料-性能试验
606    @a性能试验-建筑材料
690    @aTU502@v3
711  0 @a陕西省建筑工程局《材料试验》编写组@Ashan xi sheng jian zhu gong cheng ju《cai liao shi yan》bian xie zu@4编
801  2 @aCN@bNLC@c20060705
801  0 @aCN@bTSSF
905    @a10447@dTU502@e236
    
    材料试验/陕西省建筑工程局《材料试验》编写组编.-北京:中国建筑工业出版社,1974
    274页;19cm.-(建筑工人技术学习丛书)
    
    
    ISBN :CNY0.56
    
●
相关链接 在E读中查询图书 在五车中查询图书 在当当中查询图书 在豆瓣中查询图书


正题名:材料试验     索取号:TU502/236         预约/预借

序号 登录号 条形码 馆藏地/架位号 状态 备注
1 0421291   204212912   密集书库/ [索取号:TU502/236] 在馆    
唐山师范学院图书馆 欢迎您!
大连网信软件有限公司© 版权所有